Filmographie d'Anémone - Statistiques

Statistiques générales
  • Ce quiz a été pris 7 fois
  • Le résultat moyen est 3 sur 74
Statistiques - réponses
Années 1970 % Correct
Le Grand Chemin
83%
Le père Noël est une ordure
67%
Viens chez moi, j'habite chez une copine
50%
Le Mariage du siècle
17%
L'Incorrigible
17%
Ma femme s'appelle Maurice
17%
Anémone
0%
Après après demain
0%
Attention les yeux !
0%
Aux petits bonheurs
0%
Certaines Nouvelles
0%
C'est pas moi, c'est l'autre
0%
Coup de jeune
0%
Cours après moi que je t'attrape
0%
Enfants de salaud
0%
Envoyez les violons
0%
French postcards
0%
Gaëtan et Rachel en toute innocence
0%
I Love You
0%
Jacky au royaume des filles
0%
Je suis à vous tout de suite
0%
Je, tu, elles...
0%
Je vais craquer
0%
La Belle Histoire
0%
La Cible
0%
La Gueule du loup
0%
La Jungle
0%
La Maison
0%
La Monnaie de leur pièce
0%
La Ravisseuse
0%
Lautrec
0%
L'Échappée belle
0%
Le Couple témoin
0%
Le Cri de la soie
0%
Le Fils de Gascogne
0%
Le Grand Partage
0%
Le Grimoire d'Arkandias
0%
Le Petit Nicolas
0%
Le petit prince a dit
0%
Le Quart d'heure américain
0%
Le Rêve du singe fou
0%
Les Amours secrètes
0%
Les Babas-cool
0%
Les Baisers de secours
0%
Les Bidochon
0%
Les Enfants volants
0%
Les Nanas
0%
L'Homme de ma vie
0%
L'Ordinateur des pompes funèbres
0%
Loulou Graffiti
0%
Ma femme s'appelle reviens
0%
Maman
0%
Marquise
0%
Ouf
0%
Passeur de rêves
0%
Pas très catholique
0%
Pauline et François
0%
Pauvre Richard
0%
Péril en la demeure
0%
Poisson-lune
0%
Poule et Frites
0%
Pour cent briques, t'as plus rien...
0%
Rien ne va plus
0%
Rosalie Blum
0%
Sale Rêveur
0%
Sans peur et sans reproche
0%
Tranches de vie
0%
Un éléphant ça trompe énormément
0%
Une merveilleuse journée
0%
Un homme à ma taille
0%
Vas-y maman
0%
Voisins, voisines
0%
Vous n'aurez pas l'Alsace et la Lorraine
0%
Voyance et Manigance
0%
Aucun quiz correspondant
Distribution des résultats
% des personnes avec chaque résultat
Percentile par nombre de réponses
Votre historique - résultats
Vous n’avez pas pris ce quiz